[Event "Morbihan 2010"]
[Site "?"]
[Date "2010.03.27"]
[Round "6.15"]
[White "Potier, Pierre"]
[Black "Audren, Jean"]
[Result "1/2-1/2"]
[WhiteElo "1650"]
[BlackElo "1450"]
[PlyCount "134"]
[EventDate "2010.??.??"]

1. e4 c5 2. Nf3 e6 3. Nc3 Nf6 4. d4 cxd4 5. Nxd4 e5 6. Nb3 d6 7. Bc4 Be7 8. O-O
O-O 9. Bg5 Nc6 10. Bxf6 Bxf6 11. a3 a6 12. Bd5 Rb8 13. Ne2 Bg4 14. f3 Bh5 15.
Kh1 Bg5 16. Nbc1 Ne7 17. c4 Qb6 18. Nd3 Kh8 19. Rb1 f5 20. Ng3 Bg6 21. exf5
Bxf5 22. Be4 Bxe4 23. Nxe4 Nf5 24. Nxg5 Ne3 25. Qd2 Nxf1 26. Rxf1 Rf5 27. Nb4
Qc5 28. Qc2 Rxg5 29. Nd5 Qd4 30. Nc7 Rh5 31. g4 Rh4 32. Ne6 Qe3 33. Qg2 Qh6 34.
Qg3 g5 35. Nc7 Rf8 36. Nd5 Rh3 37. Qg2 Rh4 38. Ne3 Qe6 39. Nf5 Rxf5 40. gxf5
Qxf5 41. Rg1 h6 42. Qe2 Rf4 43. Rf1 g4 44. Kg2 gxf3+ 45. Rxf3 Qg4+ 46. Kf2 e4
47. Rxf4 Qxf4+ 48. Ke1 e3 49. b3 b5 50. Qb2+ Kh7 51. Qc2+ Kg7 52. Qg2+ Kf6 53.
cxb5 axb5 54. Qf1 Qxf1+ 55. Kxf1 Kf5 56. Ke2 Ke4 57. a4 bxa4 58. bxa4 d5 59. a5
d4 60. a6 d3+ 61. Kd1 Kf3 62. a7 e2+ 63. Ke1 d2+ 64. Kxd2 Kf2 65. a8=Q e1=Q+
66. Kd3 Qe3+ 67. Kc4 Qf4+ 1/2-1/2

[Event "Morbihan 2010"]
[Site "?"]
[Date "2010.03.27"]
[Round "6.16"]
[White "Josse, Emmanuelle"]
[Black "Tonal, Jean-Jacques"]
[Result "0-1"]
[WhiteElo "1438"]
[BlackElo "1569"]
[PlyCount "124"]
[EventDate "2010.??.??"]

1. d4 Nf6 2. Nf3 b6 3. Bg5 e6 4. e3 Bb7 5. Be2 Be7 6. O-O O-O 7. c4 Ne4 8. Bxe7
Qxe7 9. Nbd2 d6 10. Nxe4 Bxe4 11. Nd2 Bb7 12. Bf3 d5 13. Qc2 c6 14. e4 dxc4 15.
Nxc4 Ba6 16. Rfd1 Nd7 17. e5 Bxc4 18. Qxc4 Rac8 19. Rac1 b5 20. Qe2 c5 21. dxc5
Nxc5 22. Qxb5 Nd7 23. Bc6 Nb6 24. Rc3 Rfd8 25. Rxd8+ Rxd8 26. Rd3 Rxd3 27. Qxd3
g6 28. Qd6 Qg5 29. h3 Qc1+ 30. Kh2 Qxb2 31. Qd8+ Kg7 32. Qf6+ Kh6 33. f4 Nd5
34. Qxf7 Qb4 35. Bxd5 exd5 36. Qxd5 Qxf4+ 37. g3 Qf2+ 38. Qg2 Qe3 39. Qb2 Qe4
40. Qd2+ Kg7 41. Qf4 Qe2+ 42. Kg1 Qe1+ 43. Kg2 Qe2+ 44. Qf2 Qe4+ 45. Kf1 Qb1+
46. Qe1 Qd3+ 47. Qe2 Qb1+ 48. Kg2 Qb7+ 49. Kf2 Qb6+ 50. Kf3 Qc6+ 51. Qe4 Qc3+
52. Qe3 Qc6+ 53. Kf4 Qe6 54. Qxa7+ Kh6 55. g4 Qc4+ 56. Kf3 Qd5+ 57. Kf4 Qc4+
58. Kf3 Qf1+ 59. Qf2 Qxh3+ 60. Qg3 Qf1+ 61. Qf2 Qd3+ 62. Kf4 g5# 0-1

[Event "Morbihan 2010"]
[Site "?"]
[Date "2010.03.27"]
[Round "6.17"]
[White "Thébaut, Hervé"]
[Black "Maréchal, Daniel"]
[Result "1-0"]
[WhiteElo "1420"]
[BlackElo "1560"]
[PlyCount "139"]
[EventDate "2010.??.??"]

1. d4 d5 2. g3 c6 3. Bg2 Nf6 4. Nf3 Bf5 5. O-O g6 6. b3 Bg7 7. Bb2 O-O 8. Nbd2
Nbd7 9. Rb1 Rc8 10. Nh4 Be6 11. e4 Nxe4 12. Nxe4 dxe4 13. Bxe4 Bd5 14. Bxd5
cxd5 15. Re1 e6 16. c3 f5 17. f4 Nf6 18. Rxe6 Ne4 19. Qd3 Kf7 20. Re5 Bxe5 21.
dxe5 Qb6+ 22. Kg2 Ke6 23. Nf3 h6 24. Nd4+ Kd7 25. Rc1 Nc5 26. Qb5+ Qxb5 27.
Nxb5 Nd3 28. Rd1 Nxb2 29. Rxd5+ Kc6 30. c4 Rcd8 31. Nd6 a6 32. Rd2 Rxd6 33.
Rxd6+ Kc5 34. Rd2 Nxc4 35. bxc4 Kxc4 36. Rd7 b5 37. Rd6 g5 38. Rxa6 gxf4 39.
gxf4 Rg8+ 40. Kf3 h5 41. Rf6 Ra8 42. Rxf5 Rxa2 43. Rxh5 Ra3+ 44. Ke4 b4 45. e6
Ra8 46. Ke5 b3 47. Rg5 Ra5+ 48. Kf6 Rxg5 49. fxg5 b2 50. e7 b1=Q 51. e8=Q Qf1+
52. Kg7 Qg2 53. Qe5 Qb7+ 54. Kh6 Qd7 55. h4 Qg4 56. h5 Qd7 57. g6 Qd2+ 58. Qg5
Qd6 59. Kh7 Qd3 60. Qf6 Kc5 61. Qf8+ Kc6 62. Qf7 Kc5 63. Kh8 Qd8+ 64. Qg8 Qf6+
65. g7 Qh6+ 66. Qh7 Qf6 67. Qg6 Qd4 68. Qf7 Qe5 69. Kg8 Qb8+ 70. Qf8+ 1-0

[Event "Morbihan 2010"]
[Site "?"]
[Date "2010.03.27"]
[Round "6.19"]
[White "Purenne, Eric"]
[Black "Le Borgne, Christian"]
[Result "1-0"]
[WhiteElo "1450"]
[BlackElo "1270"]
[PlyCount "89"]
[EventDate "2010.??.??"]

1. d4 d5 2. Nf3 Bf5 3. Bf4 e6 4. e3 Nf6 5. Bd3 Bg4 6. Nbd2 Nc6 7. O-O Bd6 8.
Bg5 h6 9. Bh4 g5 10. Bg3 Bxg3 11. fxg3 Qe7 12. c3 Qd6 13. Qe1 O-O-O 14. h3 Bf5
15. Bxf5 exf5 16. Nh2 Ne7 17. Nhf3 Nh5 18. Kh2 g4 19. Ne5 Rdf8 20. hxg4 Ng7 21.
Qe2 f6 22. Nd3 h5 23. gxf5 Ngxf5 24. Nf4 Rfg8 25. Rf3 Rg4 26. e4 Nxg3 27. e5
Nxe2 28. exd6 Nxf4 29. g3 Neg6 30. gxf4 Nh4 31. Rf2 Ng6 32. Raf1 f5 33. dxc7
Kxc7 34. a4 a5 35. b4 axb4 36. cxb4 Ra8 37. a5 b6 38. Nb3 Kb7 39. axb6 Ra4 40.
Nc5+ Kxb6 41. Nxa4+ Kb5 42. Nc3+ Kxb4 43. Nxd5+ Kc4 44. Ne3+ Kxd4 45. Nxg4 1-0

[Event "Morbihan 2010"]
[Site "?"]
[Date "2010.03.27"]
[Round "6.20"]
[White "Boubli, Jordan"]
[Black "Deslias, Alain"]
[Result "1-0"]
[WhiteElo "1420"]
[BlackElo "1480"]
[PlyCount "111"]
[EventDate "2010.??.??"]

1. e4 e5 2. Nf3 Nc6 3. d4 exd4 4. Nxd4 Nxd4 5. Qxd4 c5 6. Qd1 d6 7. Nc3 Nf6 8.
Bf4 Be7 9. Bb5+ Bd7 10. Bxd7+ Qxd7 11. f3 O-O 12. Qd3 Rad8 13. O-O-O a6 14. a4
Qc6 15. b3 Rd7 16. Nd5 Nxd5 17. Qxd5 Qxd5 18. Rxd5 f6 19. Rhd1 Rfd8 20. h4 h6
21. h5 Kf7 22. g4 g5 23. hxg6+ Kxg6 24. Rh1 Bf8 25. Be3 b5 26. axb5 axb5 27. f4
Rh7 28. f5+ Kf7 29. Bxc5 Ra8 30. Bd4 Kg8 31. Kb1 Re8 32. Bxf6 Rxe4 33. Rd4 Rxd4
34. Bxd4 Re7 35. c3 Re4 36. Rg1 d5 37. Kc2 Kf7 38. Kd3 Re7 39. Bc5 Re8 40. Bxf8
Rxf8 41. Kd4 Rg8 42. Kxd5 Rg5 43. Kc5 h5 44. Kxb5 Rxg4 45. Rh1 Rg5 46. c4 Rxf5+
47. c5 Ke7 48. Rd1 h4 49. Kb6 h3 50. c6 Rf6 51. Kb7 Rd6 52. Re1+ Re6 53. Rxe6+
Kxe6 54. c7 h2 55. c8=Q+ Kf7 56. Qh3 1-0

[Event "Morbihan 2010"]
[Site "?"]
[Date "2010.03.27"]
[Round "6.22"]
[White "Trifault, Youn"]
[Black "Maroufi, Amirvala"]
[Result "0-1"]
[WhiteElo "1110"]
[BlackElo "1120"]
[PlyCount "34"]
[EventDate "2010.??.??"]

1. d4 d5 2. c4 e6 3. Nf3 Nc6 4. Nc3 Bb4 5. a3 Bxc3+ 6. bxc3 dxc4 7. e4 Nf6 8.
e5 Ne4 9. Bxc4 Na5 10. Bd3 f5 11. Qa4+ Nc6 12. O-O O-O 13. g4 g6 14. gxf5 gxf5
15. Kh1 Kh8 16. Bh6 Rg8 17. Rg1 Nxf2# 0-1

[Event "Morbihan 2010"]
[Site "?"]
[Date "2010.03.27"]
[Round "6.23"]
[White "Cozic, Matthias"]
[Black "Cheneau, Alain"]
[Result "1-0"]
[WhiteElo "1260"]
[BlackElo "1040"]
[PlyCount "93"]
[EventDate "2010.??.??"]

1. e4 e5 2. Nf3 Nc6 3. Bb5 Bc5 4. Bxc6 dxc6 5. Nc3 Nf6 6. Nxe5 Bd6 7. Nf3 O-O
8. h3 Re8 9. d4 Nxe4 10. O-O b6 11. Nxe4 Rxe4 12. Re1 Re8 13. Bg5 f6 14. Bh4
Qd7 15. Qd3 b5 16. c4 Ba6 17. c5 Bf8 18. a4 Bxc5 19. Rxe8+ Qxe8 20. dxc5 Rd8
21. Qf1 Qe7 22. Qe1 Re8 23. Qxe7 Rxe7 24. Re1 Kf7 25. Rxe7+ Kxe7 26. axb5 Bxb5
27. b4 a6 28. Nd4 Ba4 29. Nf5+ Kf7 30. Bg3 Bc2 31. Nd4 Ba4 32. Bxc7 h6 33. Kf1
h5 34. Ke2 g6 35. Ke3 Bd1 36. Nxc6 Ba4 37. Nb8 Bb5 38. Kd4 Ke6 39. Ba5 Bf1 40.
c6 Kd6 41. c7 Bxg2 42. c8=Q Bxh3 43. Qxh3 f5 44. Qc3 Ke7 45. Qc6 h4 46. Qd7+
Kf6 47. Bd8# 1-0

[Event "Morbihan 2010"]
[Site "?"]
[Date "2010.04.24"]
[Round "7.1"]
[White "Stéphan, Victor"]
[Black "Pinel, Jérémy"]
[Result "1-0"]
[WhiteElo "2244"]
[BlackElo "1877"]
[PlyCount "51"]
[EventDate "2010.??.??"]

1. d4 Nf6 2. c4 e6 3. Nc3 d5 4. cxd5 exd5 5. Bg5 Be7 6. e3 Nbd7 7. Bd3 b6 8.
Nge2 Bb7 9. O-O O-O 10. Ng3 Ne4 11. Bxe7 Qxe7 12. Qg4 Nxg3 13. Qxg3 Nf6 14. Nb5
Ba6 15. Rfc1 c5 16. Bf1 Ne4 17. Qf4 Bb7 18. f3 Nd2 19. Bd3 c4 20. Bc2 Qb4 21.
Nd6 Bc6 22. Nf5 Bd7 23. a3 Qxb2 24. Ne7+ Kh8 25. Bxh7 Bh3 26. Bc2 1-0

[Event "Morbihan 2010"]
[Site "?"]
[Date "2010.04.24"]
[Round "7.2"]
[White "Duplessy, Franck"]
[Black "Le Corre, Patrick"]
[Result "1-0"]
[WhiteElo "2061"]
[BlackElo "2014"]
[PlyCount "57"]
[EventDate "2010.??.??"]

1. e4 c5 2. Nf3 e6 3. d4 cxd4 4. Nxd4 a6 5. Bd3 Nf6 6. O-O d6 7. Qe2 Be7 8. c4
Qc7 9. Nc3 Nbd7 10. f4 b6 11. Nf3 Bb7 12. Bd2 Ng4 13. b4 O-O 14. h3 Ngf6 15.
Rae1 d5 16. exd5 exd5 17. Nxd5 Bxd5 18. cxd5 Nxd5 19. Bxh7+ Kh8 20. Be4 N7f6
21. Ng5 Rad8 22. Rc1 Qa7 23. Bxd5 Rxd5 24. Bc3 g6 25. Rfe1 Bd8 26. Rcd1 b5+ 27.
Kh1 Rf5 28. Be5 Re8 29. Bxf6+ 1-0

[Event "Morbihan 2010"]
[Site "?"]
[Date "2010.04.24"]
[Round "7.3"]
[White "Gallois, Jérôme"]
[Black "Deslias, Grégoire"]
[Result "0-1"]
[WhiteElo "2020"]
[BlackElo "1931"]
[PlyCount "80"]
[EventDate "2010.??.??"]

1. e4 e5 2. Nc3 Nf6 3. g3 Nc6 4. Bg2 Bc5 5. Nf3 d6 6. d3 Be6 7. Na4 Bb4+ 8. c3
Ba5 9. b4 Bb6 10. Ng5 Bd7 11. f4 h6 12. Nf3 exf4 13. Bxf4 Bg4 14. h3 Bd7 15.
Nxb6 axb6 16. O-O Nh5 17. Kh2 Nxf4 18. gxf4 Qf6 19. Qd2 O-O 20. d4 Ra3 21. e5
Qg6 22. d5 Ne7 23. Nd4 Nf5 24. Rf3 Re8 25. e6 fxe6 26. dxe6 Bxe6 27. Nb5 Bc4
28. Nxa3 Re2 29. Qxe2 Bxe2 30. Rg1 Bxf3 31. Bxf3 Qf6 32. Bd5+ Kf8 33. c4 Qb2+
34. Rg2 Qxa3 35. Bxb7 Qxb4 36. Bc8 Qxc4 37. Bxf5 Qxf4+ 38. Kg1 Qxf5 39. Rf2
Qxf2+ 40. Kxf2 Ke7 0-1

[Event "Morbihan 2010"]
[Site "?"]
[Date "2010.04.24"]
[Round "7.4"]
[White "Lages, Michel"]
[Black "Jolivel, Dominique"]
[Result "1-0"]
[WhiteElo "1927"]
[BlackElo "1890"]
[PlyCount "115"]
[EventDate "2010.??.??"]

1. c4 c5 2. Nc3 Nc6 3. g3 d6 4. Bg2 Bd7 5. Nf3 Nf6 6. d4 cxd4 7. Nxd4 Qc8 8.
Nxc6 bxc6 9. Qa4 g6 10. h4 Bg7 11. Bg5 h6 12. Bxf6 Bxf6 13. Qc2 Rb8 14. Rd1 Qc7
15. O-O Qa5 16. Rd3 O-O 17. b3 Qc7 18. Rfd1 Qc8 19. Kh2 Bf5 20. e4 Be6 21. Ne2
Qc7 22. Nf4 Bg4 23. f3 Bc8 24. c5 dxc5 25. Qxc5 Bxh4 26. e5 Rb5 27. Qc4 Bxg3+
28. Kxg3 Qxe5 29. Kf2 Bf5 30. Re3 Qb8 31. Ne2 c5 32. Nc3 Rb7 33. Ne4 Rb4 34.
Qxc5 Bxe4 35. Rxe4 Rxe4 36. fxe4 Rc8 37. Qe3 Qh2 38. Rd2 Qh4+ 39. Qg3 Qf6+ 40.
Bf3 Qb6+ 41. Kg2 Kh7 42. Qe5 Qe3 43. Re2 Qb6 44. Qxe7 Rc7 45. Qe5 Rc1 46. Qh2
Qd4 47. e5 Qd1 48. Kg3 Qd4 49. Qf2 Qa1 50. Bg2 Qc3+ 51. Kh2 Kg8 52. Qe3 Qc8 53.
e6 Qc7+ 54. Qe5 Qb6 55. exf7+ Kh7 56. f8=N+ Kg8 57. Bd5+ Kxf8 58. Qe7# 1-0

[Event "Morbihan 2010"]
[Site "?"]
[Date "2010.04.24"]
[Round "7.5"]
[White "Purenne, Benoît"]
[Black "Hocher, Eugène"]
[Result "1-0"]
[WhiteElo "1886"]
[BlackElo "1778"]
[PlyCount "77"]
[EventDate "2010.??.??"]

1. e4 e6 2. d4 d5 3. Nc3 Nf6 4. Bg5 Bb4 5. e5 h6 6. exf6 hxg5 7. fxg7 Rg8 8.
Nf3 Qf6 9. Qd2 Qxg7 10. h4 g4 11. Ne5 Nd7 12. Nxd7 Bxd7 13. h5 f5 14. O-O-O
O-O-O 15. f3 Rh8 16. h6 Qg6 17. fxg4 Qxg4 18. Kb1 a6 19. a3 Bxc3 20. bxc3 Be8
21. Re1 Bf7 22. Re3 Qf4 23. Rd3 Qd6 24. Ka2 c5 25. Be2 e5 26. Rf3 f4 27. dxe5
Qxe5 28. Rxf4 d4+ 29. c4 Be6 30. Bd3 Qg5 31. Rf2 Qg8 32. Qe2 Re8 33. h7 Qg7 34.
Qh5 Qe7 35. Bf5 b6 36. Re2 Qd7 37. Qxe8+ Rxe8 38. Bxe6 Rxe6 39. h8=Q+ 1-0

[Event "Morbihan 2010"]
[Site "?"]
[Date "2010.04.24"]
[Round "7.6"]
[White "Loizil, Joël"]
[Black "Siclet, Mathieu"]
[Result "0-1"]
[WhiteElo "1757"]
[BlackElo "1842"]
[PlyCount "94"]
[EventDate "2010.??.??"]

1. e4 c5 2. Nf3 Nc6 3. d4 cxd4 4. Nxd4 Nf6 5. Nc3 e5 6. Nxc6 bxc6 7. a3 Be7 8.
Be2 O-O 9. O-O d5 10. Bf3 Be6 11. Re1 d4 12. Ne2 Rb8 13. Ng3 Nd7 14. Nf5 Bg5
15. b3 g6 16. Ng3 c5 17. Bg4 Rb6 18. Bxe6 Rxe6 19. Qg4 Bxc1 20. Rexc1 h6 21. c3
Qg5 22. Qxg5 hxg5 23. cxd4 cxd4 24. Rc7 Rd6 25. Kf1 f5 26. Ke2 f4 27. Nf1 d3+
28. Kd2 f3 29. g3 Nf6 30. Re1 Rd4 31. Rc4 Rfd8 32. h3 Rxc4 33. bxc4 Rd4 34. Nh2
Nxe4+ 35. Ke3 d2 36. Rd1 Rxc4 37. Nxf3 Rc1 38. Rxd2 Nxd2 39. Kxd2 Rc5 40. Ne1
Kf7 41. Nc2 Ke6 42. Nb4 a5 43. Nc2 Kd5 44. Kd3 e4+ 45. Kd2 Kc4 46. Na1 Rd5+ 47.
Kc2 Rd3 0-1

[Event "Morbihan 2010"]
[Site "?"]
[Date "2010.04.17"]
[Round "7.9"]
[White "Brémond, Edouard"]
[Black "Mikaty, Gwenegan"]
[Result "1-0"]
[WhiteElo "1682"]
[BlackElo "1780"]
[PlyCount "87"]
[EventDate "2010.??.??"]

1. e4 c5 2. Nf3 Nc6 3. d4 cxd4 4. Nxd4 e5 5. Nb5 d6 6. N1c3 Be6 7. Nd5 Rc8 8.
c3 a6 9. Na3 h6 10. Nc4 b5 11. Ncb6 Rb8 12. Be3 Nf6 13. Nxf6+ Qxf6 14. Nd5 Qd8
15. Qd2 Rb7 16. O-O-O a5 17. Bd3 Ne7 18. Bc2 Nxd5 19. exd5 Bd7 20. f4 exf4 21.
Bxf4 Be7 22. Rhe1 O-O 23. Qd3 f5 24. Qg3 Kh7 25. Rxe7 Qxe7 26. Bxd6 Qf7 27.
Bxf8 Qxf8 28. Qe5 b4 29. c4 a4 30. g4 g6 31. gxf5 Bxf5 32. Bxf5 gxf5 33. Rf1
Re7 34. Qxf5+ Qxf5 35. Rxf5 Re1+ 36. Kd2 Rb1 37. Kc2 Ra1 38. d6 Rxa2 39. d7 a3
40. d8=Q Rxb2+ 41. Kc1 Rg2 42. Qe7+ Rg7 43. Qxg7+ Kxg7 44. Rb5 1-0

[Event "Morbihan 2010"]
[Site "?"]
[Date "2010.04.25"]
[Round "7.10"]
[White "Aubrun, Lucas"]
[Black "Bonhomme, Christian"]
[Result "1/2-1/2"]
[WhiteElo "1740"]
[BlackElo "1607"]
[PlyCount "75"]
[EventDate "2010.??.??"]

1. d4 Nf6 2. c4 g6 3. Nc3 d5 4. cxd5 Nxd5 5. e4 Nxc3 6. bxc3 Bg7 7. Bb2 O-O 8.
Bc4 e6 9. Nf3 c5 10. O-O Qa5 11. Qb3 b6 12. Qb5 Qxb5 13. Bxb5 Ba6 14. Bxa6 Nxa6
15. Rab1 Rfd8 16. Rfd1 cxd4 17. cxd4 Rac8 18. Kf1 Rc2 19. e5 Nb4 20. a3 Nd5 21.
Rdc1 Rdc8 22. Ne1 Rxc1 23. Rxc1 Rxc1 24. Bxc1 Kf8 25. Nc2 Ke8 26. Ke2 Kd7 27.
Kd3 b5 28. Nb4 Nxb4+ 29. axb4 Kc6 30. Ke4 Bf8 31. Bd2 h5 32. h3 Be7 33. g3 Bf8
34. h4 Be7 35. f3 Bd8 36. Be1 Be7 37. g4 a6 38. g5 1/2-1/2

[Event "Morbihan 2010"]
[Site "?"]
[Date "2010.04.24"]
[Round "7.13"]
[White "Bezy, Bernard"]
[Black "Thébaut, Hervé"]
[Result "1-0"]
[WhiteElo "1680"]
[BlackElo "1420"]
[PlyCount "77"]
[EventDate "2010.??.??"]

1. f4 d5 2. Nf3 g6 3. Nc3 c6 4. b3 Bg7 5. Bb2 Nf6 6. e3 Bf5 7. d3 O-O 8. h3 Qb6
9. Nd4 Re8 10. Na4 Qc7 11. Nxf5 gxf5 12. g4 e6 13. g5 Nfd7 14. Bxg7 Kxg7 15.
Qh5 Qa5+ 16. Ke2 b5 17. Qh6+ Kg8 18. c3 bxa4 19. b4 Qb6 20. d4 Qc7 21. Kd2 Qd6
22. Bd3 Qf8 23. Qh5 Nb6 24. Qe2 N8d7 25. Rag1 a5 26. a3 axb4 27. cxb4 Nc8 28.
h4 Qe7 29. h5 Nf8 30. Rg3 Ra7 31. Qh2 Nd6 32. g6 fxg6 33. hxg6 h6 34. Qxh6 Qg7
35. Qh2 Nxg6 36. Rxg6 Ree7 37. Qh8+ Kf7 38. Rxg7+ Kf6 39. Rh6# 1-0

[Event "Morbihan 2010"]
[Site "?"]
[Date "2010.04.24"]
[Round "7.14"]
[White "Tonal, Jean-Jacques"]
[Black "Le Garrec, Maxime"]
[Result "0-1"]
[WhiteElo "1569"]
[BlackElo "1665"]
[PlyCount "58"]
[EventDate "2010.??.??"]

1. f4 d5 2. Nf3 Nf6 3. e3 g6 4. b3 Bg7 5. Bb2 O-O 6. Be2 Nbd7 7. O-O c5 8. c4
e6 9. cxd5 exd5 10. Bb5 Qb6 11. Bxd7 Bxd7 12. Kh1 Bb5 13. Re1 Ng4 14. Kg1 Bxb2
15. Nc3 Bxa1 16. Qxa1 Qc6 17. h3 Nh6 18. g4 f6 19. Nxb5 Qxb5 20. g5 fxg5 21.
Nxg5 Qd7 22. Qc3 b6 23. Kh2 Rae8 24. Qd3 Rxf4 25. Rf1 Rxf1 26. Qxf1 Rf8 27. Qg2
Qf5 28. Kg1 Nf7 29. Nxf7 Rxf7 0-1

[Event "Morbihan 2010"]
[Site "?"]
[Date "2010.04.24"]
[Round "7.15"]
[White "Cheneau, Lionel"]
[Black "Sellin, Alain"]
[Result "0-1"]
[WhiteElo "1400"]
[BlackElo "1640"]
[PlyCount "100"]
[EventDate "2010.??.??"]

1. e4 e5 2. Nf3 Nc6 3. Bc4 Bc5 4. d3 Nf6 5. Ng5 O-O 6. Nc3 d6 7. h3 Nd4 8. Na4
Bb6 9. c3 Nc6 10. O-O Ne7 11. Qb3 d5 12. exd5 Nexd5 13. Nf3 Qd6 14. d4 e4 15.
Ne5 h6 16. a3 a6 17. Nxb6 cxb6 18. a4 Be6 19. Qd1 Rac8 20. b3 Nxc3 21. Qc2 Qxd4
22. Bf4 Bxc4 23. bxc4 Rxc4 24. Kh1 Rc5 25. Be3 Qxe5 26. Bxc5 bxc5 27. Rac1 Nfd5
28. Rfe1 f5 29. Qb3 Rb8 30. Re3 Kh8 31. Rexc3 Nxc3 32. Rxc3 b5 33. Qc2 bxa4 34.
g3 Rb5 35. Re3 Rb2 36. Qd1 Qd4 37. Qe1 Qd2 38. Qf1 Rc2 39. Re1 c4 40. Rd1 Qc3
41. Rd8+ Kh7 42. Rd1 a3 43. g4 f4 44. h4 a2 45. g5 h5 46. g6+ Kh6 47. Qg2 Qf6
48. Kh2 Qxh4+ 49. Kg1 Qg4 50. Kf1 Qxd1# 0-1

[Event "Morbihan 2010"]
[Site "?"]
[Date "2010.04.24"]
[Round "7.16"]
[White "Roussel, Bernard"]
[Black "Potier, Pierre"]
[Result "0-1"]
[WhiteElo "1570"]
[BlackElo "1650"]
[PlyCount "58"]
[EventDate "2010.??.??"]

1. d4 d5 2. c4 Nf6 3. Nc3 Nc6 4. Nf3 e6 5. a3 Bd7 6. Bg5 Be7 7. e3 Ne4 8. Bxe7
Nxe7 9. Ne5 Nxc3 10. bxc3 O-O 11. Bd3 Be8 12. h4 f6 13. Nf3 b6 14. g4 Qd6 15.
g5 e5 16. h5 e4 17. gxf6 Qxf6 18. Be2 exf3 19. Bd3 Qg5 20. Kd2 Bxh5 21. Rg1 Qf6
22. Qc2 Bg6 23. Rh1 dxc4 24. Bxg6 Nxg6 25. Rag1 Qf5 26. Qa2 Qd3+ 27. Kc1 Qxc3+
28. Kd1 Rad8 29. Rh5 c5 0-1

[Event "Morbihan 2010"]
[Site "?"]
[Date "2010.04.24"]
[Round "7.17"]
[White "Audren, Jean"]
[Black "Girod, Bernard"]
[Result "1-0"]
[WhiteElo "1450"]
[BlackElo "1590"]
[PlyCount "95"]
[EventDate "2010.??.??"]

1. d4 d5 2. c4 e6 3. Nc3 Nf6 4. Nf3 Nbd7 5. a3 b6 6. b4 Bb7 7. Bg5 Be7 8. e3 c5
9. Bf4 cxd4 10. exd4 dxc4 11. Bxc4 Rc8 12. Qe2 O-O 13. O-O Nd5 14. Nxd5 exd5
15. Ba6 Bxa6 16. Qxa6 Ra8 17. Rac1 Nf6 18. Ne5 Nh5 19. Nc6 Qd7 20. Nxe7+ Qxe7
21. Rfe1 Qf6 22. Be5 Qh4 23. Qb7 Rfe8 24. Qxd5 Rad8 25. Qc6 Re6 26. Qb7 Re7 27.
Rc7 Rde8 28. Rxe7 Qxe7 29. Qf3 g6 30. g4 Ng7 31. Rc1 Ne6 32. Qf6 Qxf6 33. Bxf6
Ra8 34. h4 Kf8 35. Be5 Ke8 36. Kg2 Nf8 37. g5 Nd7 38. f4 Kd8 39. d5 Rc8 40.
Rxc8+ Kxc8 41. Kf3 b5 42. Ke4 Nb6 43. d6 Kd7 44. Kd4 a6 45. Kc5 Nc4 46. a4 Na3
47. axb5 Nxb5 48. Kb6 1-0

[Event "Morbihan 2010"]
[Site "?"]
[Date "2010.04.24"]
[Round "7.18"]
[White "Maréchal, Daniel"]
[Black "Boubli, Jordan"]
[Result "1/2-1/2"]
[WhiteElo "1560"]
[BlackElo "1420"]
[PlyCount "88"]
[EventDate "2010.??.??"]

1. c4 e5 2. Nc3 Nf6 3. g3 Nc6 4. Bg2 Bc5 5. e3 O-O 6. Nge2 d6 7. O-O Be6 8. Nd5
Bxd5 9. cxd5 Ne7 10. Nc3 c6 11. dxc6 bxc6 12. b3 Qd7 13. Bb2 d5 14. d4 exd4 15.
exd4 Bb6 16. Na4 Ng6 17. Nc5 Qd6 18. b4 Rfe8 19. Bc1 a5 20. Bd2 Nd7 21. a3 Bc7
22. Be3 axb4 23. axb4 Nb6 24. Re1 Nc4 25. Re2 Bb6 26. Qc1 Bxc5 27. bxc5 Qe6 28.
Rb1 Rab8 29. Bf1 Qf5 30. Rxb8 Rxb8 31. Rc2 Nxe3 32. fxe3 Rb3 33. Qd2 Rb1 34.
Qf2 Qd3 35. Re2 Nf8 36. Re1 Qb3 37. Bh3 Qb4 38. Rf1 Rxf1+ 39. Qxf1 Qd2 40. Qf2
Qxf2+ 41. Kxf2 Ne6 42. Bxe6 fxe6 43. Kf3 Kf7 44. Kf4 Kf6 1/2-1/2

[Event "Morbihan 2010"]
[Site "?"]
[Date "2010.04.24"]
[Round "7.19"]
[White "Eraud, Julien"]
[Black "Le Fort, Joël"]
[Result "1-0"]
[WhiteElo "1199"]
[BlackElo "1499"]
[PlyCount "105"]
[EventDate "2010.??.??"]

1. d4 d5 2. e3 e6 3. Nf3 c5 4. Ne5 f6 5. Bb5+ Bd7 6. Nxd7 Nxd7 7. Qg4 Qa5+ 8.
Nc3 f5 9. Qg3 cxd4 10. exd4 g6 11. Qe5 Qxb5 12. Qxe6+ Ne7 13. Nxb5 Rc8 14. Bg5
Kd8 15. Nd6 Kc7 16. Nxc8 Nxc8 17. Bf6 Nxf6 18. Qxf6 Bb4+ 19. c3 Rf8 20. Qg7+
Be7 21. O-O Kd7 22. Rfe1 Re8 23. Re5 Kd6 24. Qf7 Kd7 25. Qe6+ Kd8 26. Qxd5+ Nd6
27. Rae1 b6 28. Rxe7 Rxe7 29. Qxd6+ Rd7 30. Qxd7+ Kxd7 31. f3 Kd6 32. g4 f4 33.
Re4 g5 34. h4 h6 35. hxg5 hxg5 36. Re5 a5 37. Rxg5 Ke6 38. Rg6+ Kd5 39. Rxb6
Kc4 40. g5 Kd3 41. Kf2 Kc2 42. g6 a4 43. Ra6 Kxb2 44. g7 a3 45. g8=Q Kxc3 46.
Qg4 Kb2 47. Rxa3 Kxa3 48. Ke2 Kb2 49. Qc8 Kxa2 50. Qb7 Ka3 51. Kd3 Ka4 52. Kc4
Ka5 53. Qb5# 1-0

[Event "Morbihan 2010"]
[Site "?"]
[Date "2010.04.24"]
[Round "7.23"]
[White "Cheneau, Alain"]
[Black "Trifault, Youn"]
[Result "0-1"]
[WhiteElo "1040"]
[BlackElo "1160"]
[PlyCount "74"]
[EventDate "2010.??.??"]

1. e4 d6 2. Nc3 Nf6 3. d3 Nc6 4. Nf3 Bg4 5. Be2 e5 6. Bg5 Be7 7. h3 Bxf3 8.
Bxf3 Nd4 9. Be2 O-O 10. h4 h6 11. Bd2 d5 {Ici les feuilles de partie indiquent
12.exd4 ?? exd4 13.Cb5 c6 14.Cxd4 Fc5 etc. (0-1 en 34 coups).} 12. Bf4 {
La séquence qui suit n'a pas été jouée. Elle vise juste à raccrocher la partie.
} Nxe4 13. Bxe5 Nf6 14. Bf4 Ne4 15. Bd2 Nf6 16. Nb5 c6 17. Nxd4 {
On retrouve la partie réelle.} Bc5 18. Nb3 Bb6 19. Be3 d4 20. Bd2 Re8 21. Bb4
a5 22. Ba3 a4 23. Nc5 Ba5+ 24. c3 dxc3 25. Nxb7 c2+ 26. Kf1 cxd1=Q+ 27. Rxd1
Qc7 28. Nxa5 Rxa5 29. Bb4 Rf5 30. Ke1 Qb6 31. a3 Qxf2+ 32. Kd2 Qxe2+ 33. Kc1 c5
34. Rd2 Rf1+ 35. Rxf1 Qxf1+ 36. Kc2 cxb4 37. axb4 Rc8# 0-1